000 00661nas1a22001811i 4500
001 rc\80754
005 20240726005754.0
035 _a(NLR Aleph) 005390829
090 _a7185404
_c7185404
100 _a20021216a19939999u |0rusy50 ca
101 0 _arus
102 _aRU
200 1 _aПастор Шлаг: PS
_eЛит. прил. к журн.
_fУчредитель: Рекл. агентство "Эдисон"
210 _aПервоуральск
_cИзд-во Т-ва с огранич. ответственностью "Ред. журн. "Пастор Шлаг"
_d1993-
801 0 _aRU
_bNLR
_gpsbo
801 1 _aRU
_bELAR
_2rusmarc
852 _aNLR
_jП34/1121
942 _cSE